000
00314nam a2200121Ia 4500
008
220216s9999 xx 000 0 und d
100
_a
Davey W S
245
0
_a
Notes on developments in the preparation of raw rubber
260
_b
IRI Transactions
_c
1925
300
_a
261-269
650
_a
Raw rubber
942
_c
JS
999
_c
64072
_d
64072